Formularios procesales civiles (Record no. 67266)

MARC details
000 -LEADER
campo de control de longitud fija 00914nam a2200253 i 4500
001 - NÚMERO DE CONTROL
campo de control 67266
003 - IDENTIFICADOR DE NÚMERO DE CONTROL
campo de control ES-MaACL
005 - FECHA Y HORA DE LA ÚLTIMA TRANSACCIÓN
campo de control 20230906170024.0
007 - CAMPO FIJO DE DESCRIPCIÓN FÍSICA--INFORMACIÓN GENERAL
campo de control de longitud fija t|
008 - DATOS DE LONGITUD FIJA--INFORMACIÓN GENERAL
campo de control de longitud fija 040517s2002 sp ||||1| spa d
020 ## - NÚMERO INTERNACIONAL ESTÁNDAR DEL LIBRO
Número Internacional Estándar del Libro 84-8444-435-X
080 ## - NÚMERO DE LA CLASIFICACIÓN DECIMAL UNIVERSAL
Número de la Clasificación Decimal Universal 347.91/95(460)(083.2)
100 1# - ENTRADA PRINCIPAL--NOMBRE DE PERSONA
Nombre de persona Rodríguez Hermoso, Francisco.
9 (RLIN) 98572
245 10 - MENCIÓN DEL TÍTULO
Título Formularios procesales civiles
Resto del título : (adaptados a la nueva Ley de enjuiciamiento civil) /
Mención de responsabilidad, etc. Francisco Rodríguez Hermoso.
250 ## - MENCION DE EDICION
Mención de edición 13 ª ed.
260 ## - PUBLICACIÓN, DISTRIBUCIÓN, ETC.
Lugar de publicación, distribución, etc. Albolote (Granada) :
Nombre del editor, distribuidor, etc. Comares,
Fecha de publicación, distribución, etc. 2002.
300 ## - DESCRIPCIÓN FÍSICA
Extensión L, 972 p. ;
Dimensiones 25 cm +
Material acompañante/anejo 1 disco (CD-ROM)
490 1# - MENCIÓN DE SERIE
Mención de serie Biblioteca Comares de ciencia jurídica
650 #4 - PUNTO DE ACCESO ADICIONAL DE MATERIA--TÉRMINO DE MATERIA
Término de materia o nombre geográfico como elemento de entrada Procedimiento civil-
Subdivisión geográfica España-
Subdivisión de forma Formularios.
9 (RLIN) 16421
830 0# - PUNTO DE ACCESO ADICIONAL DE SERIE-TÍTULO UNIFORME
Título uniforme Biblioteca Comares de ciencia jurídica
9 (RLIN) 179318
852 ## - LOCALIZACIÓN
Ubicación ES-MaACL
Número de control de estantería L-14253
Sublocalización o colección R.133794
Nota libre . - Libro
852 ## - LOCALIZACIÓN
Ubicación ES-MaACL
Número de control de estantería ROT 1/7/17
Nota libre . - CD-ROM
Holdings
Estatus retirado Estado de pérdida Estado de daño No para préstamo Biblioteca de origen Biblioteca actual Ubicación en estantería Fecha de adquisición Fuente de adquisición Total de préstamos Signatura topográfica completa Código de barras Visto por última vez Precio de reemplazo Tipo de ítem Koha
        Biblioteca del Ateneo de Madrid Biblioteca del Ateneo de Madrid Depósito 17/01/2008     ROT 1/7/17 1070442 23/02/2023 23/02/2023 Libro impreso
        Biblioteca del Ateneo de Madrid Biblioteca del Ateneo de Madrid Depósito 2 17/01/2008     L-14253 1070441 23/02/2023 23/02/2023 Libro impreso